[Event "33rd Leon Blitz Open 2020"]
[Site "chess.com INT"]
[Date "2020.07.14"]
[Round "6"]
[White "Seul, Georg"]
[Black "Mogirzan, Matei-Valeriu"]
[Result "1-0"]
[WhiteTitle "IM"]
[BlackTitle "CM"]
[WhiteElo "2372"]
[BlackElo "1813"]
[WhiteFideId "4601653"]
[BlackFideId "1257455"]
[EventDate "2020.07.14"]
[EventType "blitz"]

1. e4 c5 2. d3 g6 3. f4 Bg7 4. Nf3 Nc6 5. Be2 d6 6. O-O e6 7. c3 Nge7 8. Be3 O-O
9. d4 cxd4 10. cxd4 f5 11. e5 Nd5 12. Qd2 dxe5 13. dxe5 Ncb4 14. Na3 Nxe3 15.
Qxe3 Nd5 16. Qd2 Bd7 17. Nc4 Bc6 18. Nd6 Bh6 19. g3 Qb6+ 20. Qd4 Qxd4+ 21. Nxd4
Nc7 22. Nxc6 bxc6 23. Rac1 Nd5 24. Rxc6 g5 25. Bc4 gxf4 26. Bxd5 exd5 27. gxf4
Rab8 28. Rf2 Rb4 29. Rg2+ Kh8 30. e6 Bxf4 31. Nf7+ Rxf7 32. Rc8+ 1-0

[Event "33rd Leon Blitz Open 2020"]
[Site "chess.com INT"]
[Date "2020.07.14"]
[Round "6"]
[White "Safarli, Eltaj"]
[Black "Gazik, Viktor"]
[Result "1-0"]
[WhiteTitle "GM"]
[BlackTitle "IM"]
[WhiteElo "2598"]
[BlackElo "2502"]
[WhiteFideId "13402129"]
[BlackFideId "14928752"]
[EventDate "2020.07.14"]
[EventType "blitz"]

1. e4 c5 2. Nc3 Nc6 3. Bb5 Nd4 4. Nf3 a6 5. Bd3 Nc6 6. O-O d6 7. Bc4 g6 8. d4
cxd4 9. Nxd4 Bg7 10. Nxc6 bxc6 11. Bb3 Nf6 12. Bg5 O-O 13. Re1 Qc7 14. Qd2 Re8
15. Rad1 a5 16. a4 Rb8 17. Bf4 Nd7 18. Bh6 Bf6 19. Kh1 Nc5 20. f4 Nxb3 21. cxb3
Rxb3 22. e5 dxe5 23. Ne4 Bf5 24. Nxf6+ exf6 25. fxe5 Rd3 26. exf6 Qd8 27. Rxe8+
Qxe8 28. Re1 Qd8 29. Qxa5 Qb8 30. Qc7 Qa8 31. Qb7 Rd8 32. Qxa8 Rxa8 33. Re7 Be6
34. a5 Bd5 35. b4 Bc4 36. h3 Bb5 37. Kh2 Bc4 38. Kg3 Bb5 39. Kf4 Bc4 40. g3 Bb5
41. h4 Ba4 42. Ke5 Bb5 43. Kd6 Ba4 44. Kc5 Bb5 45. Kb6 Ba4 46. Kb7 Rd8 47. Rc7 1-0

[Event "33rd Leon Blitz Open 2020"]
[Site "chess.com INT"]
[Date "2020.07.14"]
[Round "6"]
[White "Ogloblin, Nikolay"]
[Black "Albuquerque Junior, Wellington S."]
[Result "1-0"]
[WhiteTitle "IM"]
[WhiteElo "2346"]
[BlackElo "2209"]
[WhiteFideId "4139658"]
[BlackFideId "2151480"]
[EventDate "2020.07.14"]
[EventType "blitz"]

1. d4 Nf6 2. Nf3 g6 3. c4 c5 4. d5 b5 5. cxb5 a6 6. b6 Qxb6 7. Nc3 Bg7 8. a4 d6
9. a5 Qb7 10. e4 O-O 11. h3 Ne8 12. Bd3 Nc7 13. O-O Nb5 14. Na4 Nd7 15. Re1 Qc7
16. Bd2 Rb8 17. Qe2 Ne5 18. Nxe5 Bxe5 19. Nb6 Bd7 20. Ra2 Bg7 21. Bg5 Rfe8 22.
Qd2 Qa7 23. Rc1 Nd4 24. Ra3 Bb5 25. Be3 Bxd3 26. Qxd3 Nb5 27. Ra2 Rb7 28. Qc4
Qb8 29. b4 cxb4 30. Qxb4 Rc7 31. Rac2 Rxc2 32. Rxc2 e6 33. g3 Qd8 34. Rc6 exd5
35. exd5 Qf6 36. Kg2 Qb2 37. Qxb2 Bxb2 38. Nc4 Bd4 39. Rxa6 Bxe3 40. Nxe3 Re4
41. Rb6 Nc3 42. a6 Nxd5 43. Nxd5 1-0

[Event "33rd Leon Blitz Open 2020"]
[Site "chess.com INT"]
[Date "2020.07.14"]
[Round "6"]
[White "Suvrajit, Saha"]
[Black "Johnson, Joel"]
[Result "1-0"]
[WhiteTitle "IM"]
[WhiteElo "2198"]
[BlackElo "2223"]
[WhiteFideId "5002532"]
[BlackFideId "2003821"]
[EventDate "2020.07.14"]
[EventType "blitz"]

1. d4 b5 2. Nf3 a6 3. Bf4 Bb7 4. e3 e6 5. Nbd2 Nf6 6. a4 b4 7. Bd3 d6 8. h3 Nbd7
9. O-O h6 10. Qe2 g5 11. Bg3 Rg8 12. Nh2 h5 13. f3 g4 14. fxg4 hxg4 15. hxg4 Bh6
16. Bf4 Bg5 17. Bxg5 Rxg5 18. e4 Ke7 19. Ndf3 Rg7 20. g5 Nh5 21. Qe3 Qh8 22. e5
Ng3 23. exd6+ cxd6 24. Rf2 Nb6 25. Re1 Nd5 26. Qd2 Rag8 27. g6 Rxg6 28. Bxg6
Rxg6 29. c4 bxc3 30. bxc3 Nf6 31. Qb2 Bd5 32. Qb6 Nfe4 33. Qc7+ Kf6 34. Ne5+
Nxf2 35. Qxf7+ Kg5 36. Qxg6+ Kh4 37. Nhf3+ Bxf3 38. Nxf3# 1-0

[Event "33rd Leon Blitz Open 2020"]
[Site "chess.com INT"]
[Date "2020.07.14"]
[Round "6"]
[White "Nikitenko, Mihail"]
[Black "Adhiban, Baskaran"]
[Result "0-1"]
[WhiteTitle "IM"]
[BlackTitle "GM"]
[WhiteElo "2436"]
[BlackElo "2659"]
[WhiteFideId "13506862"]
[BlackFideId "5018471"]
[EventDate "2020.07.14"]
[EventType "blitz"]

1. e4 g6 2. d4 Bg7 3. Nc3 d6 4. Be3 a6 5. h4 h6 6. Bd3 Nd7 7. f4 h5 8. f5 gxf5
9. exf5 Ndf6 10. Nge2 Ng4 11. Bf4 c6 12. Qd2 Bd7 13. O-O-O Qa5 14. Rhf1 O-O-O
15. Kb1 Kb8 16. Ne4 Qxd2 17. Nxd2 N8f6 18. c4 Bh6 19. Rf3 Rdg8 20. Bxh6 Nxh6 21.
g3 Rg4 22. Nf1 Rhg8 23. Ne3 R4g7 24. b4 Nhg4 25. Nc2 b5 26. d5 Ne5 27. cxb5 Nxf3
28. bxc6 0-1

[Event "33rd Leon Blitz Open 2020"]
[Site "chess.com INT"]
[Date "2020.07.14"]
[Round "6"]
[White "Rojas Salas, Steven"]
[Black "Bartel, Mateusz"]
[Result "0-1"]
[WhiteTitle "FM"]
[BlackTitle "GM"]
[WhiteElo "2194"]
[BlackElo "2648"]
[WhiteFideId "3819434"]
[BlackFideId "1112635"]
[EventDate "2020.07.14"]
[EventType "blitz"]

1. c4 e6 2. Nf3 Nf6 3. Nc3 a6 4. e4 d6 5. d4 Be7 6. Bd3 c5 7. O-O cxd4 8. Nxd4
Nc6 9. Be3 Bd7 10. Rc1 Rc8 11. b3 h5 12. f3 h4 13. Qd2 h3 14. g3 Ne5 15. Be2 Qc7
16. Kh1 Qb8 17. Bg5 Nc6 18. Rcd1 Qc7 19. Nc2 b5 20. Ne3 b4 21. Na4 Rb8 22. Bf4
e5 23. Bg5 Nxe4 24. fxe4 Bxg5 25. c5 Nd4 26. Bc4 O-O 27. Qf2 Bxa4 28. cxd6 Qb7
29. Rxd4 Bxe3 30. Qxe3 exd4 31. Qf4 Bc6 32. Kg1 Bxe4 33. d7 Bg6 34. Qd6 Qg2# 0-1

[Event "33rd Leon Blitz Open 2020"]
[Site "chess.com INT"]
[Date "2020.07.14"]
[Round "6"]
[White "Arribas Lopez, Angel"]
[Black "Sadovsky, Artem"]
[Result "1-0"]
[WhiteTitle "GM"]
[BlackTitle "IM"]
[WhiteElo "2434"]
[BlackElo "2421"]
[WhiteFideId "2283352"]
[BlackFideId "4155840"]
[EventDate "2020.07.14"]
[EventType "blitz"]

1. e4 c6 2. d4 d5 3. f3 dxe4 4. fxe4 e5 5. Nf3 exd4 6. Bc4 Bc5 7. O-O Nf6 8. Ng5
O-O 9. Nxf7 Rxf7 10. Bxf7+ Kh8 11. e5 d3+ 12. Kh1 Ng4 13. Qxd3 Qxd3 14. cxd3
Nf2+ 15. Rxf2 Bxf2 16. e6 Bh4 17. Bf4 Na6 18. g3 Bf6 19. d4 Bxd4 20. Nc3 Nc5 21.
e7 Bg4 22. h3 Bd7 23. Rd1 Bxc3 24. bxc3 Be8 25. Rd8 1-0

[Event "33rd Leon Blitz Open 2020"]
[Site "chess.com INT"]
[Date "2020.07.14"]
[Round "6"]
[White "Moiseenko, Alexander"]
[Black "Leiva, Giuseppe"]
[Result "1-0"]
[WhiteTitle "GM"]
[BlackTitle "IM"]
[WhiteElo "2620"]
[BlackElo "2391"]
[WhiteFideId "14102560"]
[BlackFideId "3804399"]
[EventDate "2020.07.14"]
[EventType "blitz"]

1. d4 Nf6 2. c4 e6 3. Nc3 Bb4 4. Nf3 c5 5. g3 b6 6. Bg2 Bb7 7. O-O O-O 8. d5
Bxc3 9. bxc3 Re8 10. Nh4 e5 11. e4 d6 12. Qd3 Nbd7 13. Nf5 Nf8 14. a4 a5 15. Rb1
Bc8 16. h3 Rb8 17. g4 Ng6 18. Qg3 h6 19. Kh1 Nh7 20. Bf3 Qf6 21. Bd1 Ng5 22. Bc2
Nh7 23. Be3 Bd7 24. Rb2 Rb7 25. Rfb1 Reb8 26. f3 Ng5 27. h4 Nh7 28. g5 hxg5 29.
hxg5 Qd8 30. Nxd6 Ra7 31. Nf5 Nhf8 32. Bxc5 1-0

[Event "33rd Leon Blitz Open 2020"]
[Site "chess.com INT"]
[Date "2020.07.14"]
[Round "6"]
[White "Wagh, Suyog"]
[Black "Mikhalevski, Victor"]
[Result "0-1"]
[WhiteTitle "FM"]
[BlackTitle "GM"]
[WhiteElo "2246"]
[BlackElo "2565"]
[WhiteFideId "25071688"]
[BlackFideId "2801914"]
[EventDate "2020.07.14"]
[EventType "blitz"]

1. Nf3 Nf6 2. g3 g6 3. Bg2 Bg7 4. b3 c5 5. Bb2 d5 6. O-O O-O 7. c4 d4 8. e3 Nc6
9. exd4 cxd4 10. d3 Nd7 11. a3 a5 12. Nbd2 Nc5 13. Ne1 Bf5 14. Ne4 Bxe4 15. dxe4
Qb6 16. b4 axb4 17. axb4 Qxb4 18. Rb1 Qxc4 19. h4 d3 20. Bxg7 Kxg7 21. Rc1 Qd4
22. Nf3 Qb4 23. h5 Rfd8 24. Rb1 Qxe4 25. h6+ Kg8 26. Qd2 Nd4 27. Nxd4 Qxd4 28.
Rfe1 Rd7 29. Rb4 Qf6 30. Rb5 Ne6 31. Bxb7 Rad8 32. Rbb1 Qg5 33. Qc3 Qxh6 34. Bc6
Rd6 35. Rb7 d2 36. Rd1 Nd4 37. Bb5 Qh5 38. Qa1 Nxb5 0-1

[Event "33rd Leon Blitz Open 2020"]
[Site "chess.com INT"]
[Date "2020.07.14"]
[Round "6"]
[White "Palchuk, Andrii"]
[Black "Franco Valencia, Angela"]
[Result "1-0"]
[WhiteTitle "FM"]
[BlackTitle "WIM"]
[WhiteElo "2183"]
[BlackElo "2089"]
[WhiteFideId "14176688"]
[BlackFideId "4403070"]
[EventDate "2020.07.14"]
[EventType "blitz"]

1. e4 e5 2. Nf3 Nc6 3. Bb5 a6 4. Ba4 d6 5. h3 Bd7 6. O-O g6 7. c3 Bg7 8. d4 Nge7
9. d5 Nb8 10. Bc2 O-O 11. c4 f5 12. Nc3 f4 13. Rb1 h6 14. b4 a5 15. a3 g5 16.
Nh2 Qe8 17. c5 Qg6 18. cxd6 cxd6 19. bxa5 Na6 20. Rxb7 Nc5 21. Rc7 h5 22. f3
Rxa5 23. a4 g4 24. hxg4 hxg4 25. Nxg4 Bxg4 26. fxg4 Rf7 27. Qf3 Bf6 28. Bd2 Rh7
29. Nb5 Qh6 30. Bxa5 Bh4 31. Be1 Bg3 32. Bxg3 Qh1+ 33. Kf2 fxg3+ 34. Ke2 1-0

[Event "33rd Leon Blitz Open 2020"]
[Site "chess.com INT"]
[Date "2020.07.14"]
[Round "6"]
[White "Jakubowski, Krzysztof"]
[Black "Bodnar, Nikolay"]
[Result "1-0"]
[WhiteTitle "GM"]
[BlackTitle "IM"]
[WhiteElo "2481"]
[BlackElo "2424"]
[WhiteFideId "1112848"]
[BlackFideId "14106469"]
[EventDate "2020.07.14"]
[EventType "blitz"]

1. e4 e5 2. Nf3 Nc6 3. Bb5 g6 4. Nc3 Bg7 5. h4 h5 6. d3 Nh6 7. Bg5 f6 8. Be3 O-O
9. Qd2 Ng4 10. O-O-O a6 11. Bc4+ Kh7 12. d4 d6 13. dxe5 dxe5 14. Qxd8 Rxd8 15.
Nd5 Be6 16. Nxf6+ Bxf6 17. Bxe6 Nxe3 18. fxe3 Rxd1+ 19. Rxd1 Rd8 20. Bd5 Nb4 21.
a3 Nxd5 22. Rxd5 Rxd5 23. exd5 e4 24. Ng5+ Kh6 25. Nxe4 Bxh4 26. Kd2 Be7 27. c4
g5 28. c5 Kg6 29. d6 cxd6 30. cxd6 Bd8 31. Nc5 h4 32. Ke2 Kf7 33. Nxb7 Bb6 34.
d7 Ke7 35. d8=Q+ Bxd8 36. Nxd8 Kxd8 37. Kf3 Ke7 38. Kg4 Kf6 39. b4 1-0

[Event "33rd Leon Blitz Open 2020"]
[Site "chess.com INT"]
[Date "2020.07.14"]
[Round "6"]
[White "Timofeev, Artyom"]
[Black "Pham, Le Thao Nguyen"]
[Result "1/2-1/2"]
[WhiteTitle "GM"]
[BlackTitle "IM"]
[WhiteElo "2580"]
[BlackElo "2366"]
[WhiteFideId "4140419"]
[BlackFideId "12401226"]
[EventDate "2020.07.14"]
[EventType "blitz"]

1. c4 c6 2. Nf3 d5 3. e3 Nf6 4. Nc3 a6 5. b3 Bg4 6. h3 Bh5 7. Bb2 e6 8. d4 Nbd7
9. Be2 Be7 10. O-O O-O 11. Nh4 Bxe2 12. Qxe2 Ne4 13. Nf3 f5 14. a4 Bd6 15. Qc2
Qf6 16. Ba3 Bxa3 17. Rxa3 Qh6 18. Ne2 g5 19. Ne5 Nxe5 20. dxe5 g4 21. Nf4 Ng5
22. hxg4 fxg4 23. Qe2 Qh4 24. cxd5 exd5 25. g3 Nh3+ 26. Nxh3 Qxh3 27. e4 Rae8
28. exd5 Rf5 29. Qe4 Rfxe5 30. Qg2 Qxg2+ 31. Kxg2 Rxd5 32. b4 Re4 33. Rb3 Rdd4
34. b5 axb5 35. axb5 Rb4 36. Rxb4 Rxb4 37. bxc6 bxc6 38. Rc1 Rb6 39. Rc4 h5 40.
Rc5 Rb5 41. Rxc6 Kg7 42. Kf1 Re5 43. Rb6 Kh7 44. Rb2 Kg7 45. Re2 Rf5 46. Kg2 Kg6
47. Re4 Kg5 48. Kf1 h4 49. gxh4+ Kxh4 50. Kg2 Kg5 51. Re8 Rc5 52. Rg8+ Kf4 53.
Rf8+ Kg5 54. Rg8+ Kf4 55. Rf8+ Kg5 56. f3 gxf3+ 57. Rxf3 Rf5 58. Rxf5+ Kxf5 1/2-1/2

[Event "33rd Leon Blitz Open 2020"]
[Site "chess.com INT"]
[Date "2020.07.14"]
[Round "6"]
[White "Nguyen, Thi Thanh An"]
[Black "Castillo Pena, Patricia Evarista"]
[Result "1-0"]
[WhiteTitle "WGM"]
[BlackTitle "WCM"]
[WhiteElo "2285"]
[BlackElo "1770"]
[WhiteFideId "12400300"]
[BlackFideId "6412106"]
[EventDate "2020.07.14"]
[EventType "blitz"]

1. d4 d5 2. c4 c6 3. Nf3 Nf6 4. Qc2 e6 5. g3 Nbd7 6. Bg2 Bd6 7. O-O O-O 8. Nbd2
Re8 9. e4 dxe4 10. Nxe4 Nxe4 11. Qxe4 Nf6 12. Qc2 c5 13. Rd1 Qe7 14. Be3 Bd7 15.
h3 Bc6 16. a3 Rac8 17. dxc5 Bxc5 18. Bxc5 Qxc5 19. b4 Qh5 20. g4 Qg6 21. Qxg6
hxg6 22. Ne5 Bxg2 23. Kxg2 Red8 24. Kf3 g5 25. Ke3 Kf8 26. f3 Ke7 27. Rac1 Nd7
28. Rxd7+ Rxd7 29. Nxd7 Kxd7 30. f4 1-0

[Event "33rd Leon Blitz Open 2020"]
[Site "chess.com INT"]
[Date "2020.07.14"]
[Round "6"]
[White "Gimenez Aguirre, Alejo Ismael"]
[Black "Tsvetkov, Andrey"]
[Result "0-1"]
[WhiteTitle "IM"]
[BlackTitle "FM"]
[WhiteElo "2265"]
[BlackElo "2358"]
[WhiteFideId "32041667"]
[BlackFideId "34139360"]
[EventDate "2020.07.14"]
[EventType "blitz"]

1. e4 c5 2. Nf3 d6 3. d4 cxd4 4. Nxd4 Nf6 5. Nc3 a6 6. Bc4 e6 7. Bg5 Qb6 8. Bb3
Nbd7 9. Qd2 Be7 10. h4 Nc5 11. f3 O-O 12. Be3 Qc7 13. a4 e5 14. Nf5 Bxf5 15.
exf5 Nxb3 16. cxb3 Rfd8 17. Nd5 Nxd5 18. Qxd5 Qc2 19. O-O Qxf5 20. Qxb7 Bxh4 21.
Rad1 Qe6 22. Rd3 d5 23. Qb6 Qf5 24. Rfd1 d4 25. Bf2 Bxf2+ 26. Kxf2 Rdc8 27. R1d2
h6 28. Qb7 Qe6 29. Re2 Rab8 30. Qe4 Rxb3 31. Rxb3 Qxb3 32. Qxe5 d3 33. Rd2 Rc2
34. Qe8+ Kh7 35. Qe4+ g6 36. Ke3 Rxd2 37. Kxd2 Qc2+ 38. Ke3 Qe2+ 0-1

[Event "33rd Leon Blitz Open 2020"]
[Site "chess.com INT"]
[Date "2020.07.14"]
[Round "6"]
[White "Kokarev, Dmitry"]
[Black "Aravindh, Chithambaram VR."]
[Result "0-1"]
[WhiteTitle "GM"]
[BlackTitle "GM"]
[WhiteElo "2611"]
[BlackElo "2641"]
[WhiteFideId "4132181"]
[BlackFideId "5072786"]
[EventDate "2020.07.14"]
[EventType "blitz"]

1. Nc3 Nc6 2. d4 e5 3. dxe5 Nxe5 4. e4 Bb4 5. f4 Nc6 6. Nf3 Nf6 7. Bd3 d5 8. e5
Ne4 9. O-O Bf5 10. Bd2 Qd7 11. Be1 O-O-O 12. Qe2 Nxc3 13. bxc3 Bc5+ 14. Bf2 Bb6
15. Bb5 Bg4 16. a4 f6 17. Bxb6 cxb6 18. Qe3 Qc7 19. Bxc6 bxc6 20. a5 Bxf3 21.
Rxf3 Rhe8 22. axb6 axb6 23. Re1 Re6 24. Qd3 Kb7 25. Ra1 b5 26. Re3 fxe5 27. fxe5
Rde8 28. c4 dxc4 29. Qd4 Qb6 30. Qd7+ Kb8 31. Kh1 Qxe3 0-1

[Event "33rd Leon Blitz Open 2020"]
[Site "chess.com INT"]
[Date "2020.07.14"]
[Round "6"]
[White "Gabriel, Robert"]
[Black "Martinez Alcantara, Jose Eduardo"]
[Result "0-1"]
[WhiteTitle "FM"]
[BlackTitle "GM"]
[WhiteElo "2236"]
[BlackElo "2620"]
[WhiteFideId "4606477"]
[BlackFideId "3805662"]
[EventDate "2020.07.14"]
[EventType "blitz"]

1. d4 Nf6 2. Nf3 e6 3. c4 Bb4+ 4. Bd2 c5 5. e3 b6 6. Nc3 Bb7 7. Bd3 O-O 8. O-O
cxd4 9. exd4 d5 10. cxd5 Bxc3 11. bxc3 Qxd5 12. Re1 Nbd7 13. Qe2 Rac8 14. h3
Rfe8 15. Ba6 Bxa6 16. Qxa6 Qc6 17. a4 Qc4 18. Qxc4 Rxc4 19. Ne5 Nxe5 20. Rxe5
Nd5 21. a5 b5 22. a6 Rb8 23. Ra3 Rb6 24. g4 f6 25. Re1 Kf7 26. Kg2 Rcc6 27. Rea1
Nc7 28. Bf4 Nd5 29. Bd2 g5 30. h4 h6 31. hxg5 hxg5 32. Kg3 Kg7 33. f4 gxf4+ 34.
Bxf4 Nxc3 35. Rh1 Ne2+ 36. Kf3 Nxd4+ 37. Ke4 Rc4 38. Rah3 Ne2+ 39. Kf3 Nxf4 40.
Rh7+ Kg6 41. R1h6+ Kg5 42. Rh2 Rc3+ 43. Ke4 f5+ 44. Ke5 Ng6+ 45. Kd4 Rc4+ 46.
Kd3 Ne5+ 47. Ke3 Nxg4+ 0-1

[Event "33rd Leon Blitz Open 2020"]
[Site "chess.com INT"]
[Date "2020.07.14"]
[Round "6"]
[White "Horak, Martin"]
[Black "Serreau, David"]
[Result "0-1"]
[WhiteTitle "FM"]
[BlackTitle "CM"]
[WhiteElo "2341"]
[BlackElo "2155"]
[WhiteFideId "367095"]
[BlackFideId "631957"]
[EventDate "2020.07.14"]
[EventType "blitz"]

1. e4 c5 2. Nc3 e6 3. Nf3 d6 4. d4 cxd4 5. Nxd4 Nf6 6. g4 h6 7. Bg2 Be7 8. Be3
a6 9. Qf3 Qc7 10. O-O-O Nbd7 11. Qg3 Ne5 12. h3 Nc4 13. f4 Bd7 14. Rhe1 O-O-O
15. Nb3 Nxe3 16. Qxe3 Bc6 17. Nd4 Bd7 18. e5 dxe5 19. fxe5 Nd5 20. Bxd5 exd5 21.
Nxd5 Qc5 22. b4 Qxd5 23. Nf5 Qxd1+ 24. Kxd1 Bxf5+ 25. Ke2 Be6 26. Kf2 Bxb4 27.
Rb1 Be7 28. Qa7 Bd5 29. Kg3 h5 30. c4 h4+ 31. Kh2 Bc6 32. Rf1 f6 33. e6 Rhe8 34.
Kg1 Bd6 35. Qe3 Kc7 36. Qf2 b6 37. a4 Bc5 0-1

[Event "33rd Leon Blitz Open 2020"]
[Site "chess.com INT"]
[Date "2020.07.14"]
[Round "6"]
[White "Nguyen, Ngoc Truong Son"]
[Black "Kobalia, Mikhail"]
[Result "1/2-1/2"]
[WhiteTitle "GM"]
[BlackTitle "GM"]
[WhiteElo "2641"]
[BlackElo "2614"]
[WhiteFideId "12401110"]
[BlackFideId "4119150"]
[EventDate "2020.07.14"]
[EventType "blitz"]

1. c4 c6 2. Nc3 d5 3. d4 Nf6 4. cxd5 cxd5 5. Bf4 Nc6 6. e3 e6 7. Bd3 Bd6 8. Bg5
h6 9. Bh4 b6 10. f4 Bb7 11. Nf3 Be7 12. O-O O-O 13. Ne5 Ne4 14. Nxc6 Bxc6 15.
Bxe7 Qxe7 16. Rc1 Rac8 17. Qe2 Nd6 18. Rc2 Rc7 19. Rfc1 Rfc8 20. Ba6 Bb7 21.
Bxb7 Nxb7 22. Nb5 Rxc2 23. Rxc2 Rxc2 24. Qxc2 Qd7 25. Nxa7 Nd6 26. Nc6 Nc4 27.
Ne5 Qb5 28. Nxc4 dxc4 29. b3 cxb3 30. axb3 Qa5 31. Kf2 f5 32. h3 h5 33. Qc8+ Kf7
34. Qc7+ Kf8 35. Qe5 Qd2+ 36. Kg3 Qe1+ 37. Kh2 h4 38. Qxe6 Qg3+ 39. Kg1 Qe1+ 40.
Kh2 Qg3+ 41. Kg1 Qe1+ 42. Kh2 1/2-1/2

[Event "33rd Leon Blitz Open 2020"]
[Site "chess.com INT"]
[Date "2020.07.14"]
[Round "6"]
[White "Hoang, Thi Bao Tram"]
[Black "Harsha, Bharathakoti"]
[Result "0-1"]
[WhiteTitle "WGM"]
[BlackTitle "GM"]
[WhiteElo "2288"]
[BlackElo "2509"]
[WhiteFideId "12401102"]
[BlackFideId "5078776"]
[EventDate "2020.07.14"]
[EventType "blitz"]

1. d4 d5 2. c4 e6 3. Nf3 Nf6 4. e3 b6 5. Nc3 Bb7 6. cxd5 exd5 7. Bd3 Nbd7 8. Ne5
Bd6 9. f4 O-O 10. Qf3 Re8 11. O-O Nf8 12. Bb5 Re7 13. Nc6 Bxc6 14. Bxc6 Bb4 15.
Nxd5 Nxd5 16. Bxd5 Rc8 17. a3 Bd6 18. b4 c5 19. dxc5 bxc5 20. b5 c4 21. Kh1 Ne6
22. e4 Nd4 23. Qf2 Nxb5 24. Be3 Nc3 25. Bxa7 Nxe4 26. Bxe4 Rxe4 27. Rad1 Qe7 28.
Qd2 Bxa3 29. Bd4 Re2 30. Qc3 Bb2 31. Qxb2 Rxb2 32. Bxb2 h6 33. Bc3 Qe3 34. Bd4
Qe4 35. Bc3 f6 36. Rd2 Rb8 37. h3 Rb1 38. Rf2 Rb3 39. Bd2 Rxh3+ 40. Kg1 Rd3 41.
Bc1 c3 42. f5 Kh7 43. Kh2 Qc4 44. Rf4 Rd4 45. R4f2 c2 46. Re1 Rd1 47. Rff1 Qxf1 0-1

[Event "33rd Leon Blitz Open 2020"]
[Site "chess.com INT"]
[Date "2020.07.14"]
[Round "6"]
[White "Xu, Yuanyuan"]
[Black "Manninen, Marko"]
[Result "1-0"]
[WhiteTitle "WGM"]
[BlackTitle "IM"]
[WhiteElo "2317"]
[BlackElo "2377"]
[WhiteFideId "8601089"]
[BlackFideId "500690"]
[EventDate "2020.07.14"]
[EventType "blitz"]

1. d4 Nf6 2. c4 g6 3. Nc3 Bg7 4. e4 d6 5. h3 O-O 6. Be3 Na6 7. g4 c6 8. Bg2 e5
9. d5 cxd5 10. cxd5 Nd7 11. Nge2 Nb6 12. b3 Bd7 13. Ng3 Rc8 14. Rc1 Nc5 15. h4
Bf6 16. g5 Be7 17. Qd2 f5 18. gxf6 Bxf6 19. h5 g5 20. h6 Kh8 21. Nh5 Be7 22. Bf1
Qe8 23. Be2 Qg6 24. Ng3 g4 25. b4 Nca4 26. Nxa4 Nxa4 27. Rxc8 Rxc8 28. O-O Nc3
29. Bd3 Bh4 30. Rc1 Na4 31. Rxc8+ Bxc8 32. Qc2 Qe8 33. Qc7 Qd8 34. Qg7# 1-0

[Event "33rd Leon Blitz Open 2020"]
[Site "chess.com INT"]
[Date "2020.07.14"]
[Round "6"]
[White "Vyatkin, Dmitry"]
[Black "Parnali, S Dharia"]
[Result "0-1"]
[WhiteTitle "FM"]
[BlackTitle "WIM"]
[WhiteElo "2362"]
[BlackElo "2243"]
[WhiteFideId "4171900"]
[BlackFideId "5043131"]
[EventDate "2020.07.14"]
[EventType "blitz"]

1. d4 d5 2. c4 e6 3. Nf3 Nf6 4. g3 Bb4+ 5. Bd2 Be7 6. Bg2 O-O 7. O-O dxc4 8. Qc2
b5 9. a4 b4 10. Ne5 Qxd4 11. Bxa8 Qxe5 12. Bf4 Qh5 13. Bg2 e5 14. Bc1 Ng4 15. h3
Nf6 16. g4 Bxg4 17. hxg4 Nxg4 18. Rd1 Qh2+ 19. Kf1 Bh4 20. Be3 Nxe3+ 21. fxe3 g6
22. Qe4 f5 23. Qf3 Bg3 24. Qd5+ Kh8 25. Qc5 Kg7 26. Qxc7+ Rf7 27. Qxb8 e4 28.
Qxb4 f4 29. Qc3+ Kh6 30. Qxc4 f3 31. exf3 Rxf3+ 0-1

[Event "33rd Leon Blitz Open 2020"]
[Site "chess.com INT"]
[Date "2020.07.14"]
[Round "6"]
[White "Stojanovski, Sandi"]
[Black "Siddharth, Jagadeesh"]
[Result "1-0"]
[WhiteTitle "FM"]
[BlackTitle "FM"]
[WhiteElo "2232"]
[BlackElo "2320"]
[WhiteFideId "1403249"]
[BlackFideId "5818320"]
[EventDate "2020.07.14"]
[EventType "blitz"]

1. c4 Nf6 2. Nf3 g6 3. Nc3 Bg7 4. d4 O-O 5. e4 d6 6. Be2 e5 7. O-O Nc6 8. Be3
Ng4 9. Bg5 f6 10. Bc1 exd4 11. Nxd4 Nxd4 12. Qxd4 f5 13. Qd5+ Kh8 14. Bxg4 fxg4
15. Be3 Qe7 16. Bd4 Be6 17. Bxg7+ Kxg7 18. Qd3 c6 19. Rad1 Rad8 20. b3 Qf6 21.
Qe3 b6 22. Rd4 Qe5 23. Rfd1 Rf7 24. Qg3 Qxg3 25. hxg3 Rfd7 26. f4 gxf3 27. gxf3
Kf6 28. Kf2 Ke7 29. Ke3 Rf8 30. g4 g5 31. Ne2 Rfd8 32. Ng3 d5 33. cxd5 cxd5 34.
e5 Rc8 35. Nf5+ Kf8 36. R4d2 Rc3+ 37. Rd3 Rc2 38. R1d2 Rc1 39. Nd4 Ke7 40. Rh2
Re1+ 41. Ne2 Kd8 42. Kf2 Rb1 43. Rd2 Rc7 44. Nd4 Kd7 45. Rxh7+ 1-0

[Event "33rd Leon Blitz Open 2020"]
[Site "chess.com INT"]
[Date "2020.07.14"]
[Round "6"]
[White "Rustemov, Alexander"]
[Black "Padmini, Rout"]
[Result "1-0"]
[WhiteTitle "GM"]
[BlackTitle "IM"]
[WhiteElo "2525"]
[BlackElo "2370"]
[WhiteFideId "4119002"]
[BlackFideId "5029295"]
[EventDate "2020.07.14"]
[EventType "blitz"]

1. d4 Nf6 2. Nf3 e6 3. c4 c5 4. d5 exd5 5. cxd5 d6 6. Nc3 g6 7. e4 Bg7 8. h3 O-O
9. Bd3 b5 10. O-O b4 11. Ne2 Ba6 12. Bxa6 Nxa6 13. Qd3 Nc7 14. Nd2 Nd7 15. f4
Re8 16. Ng3 Nb6 17. Rb1 Qd7 18. b3 Nb5 19. Bb2 Nc3 20. Rbe1 Nxa2 21. Bxg7 Kxg7
22. f5 f6 23. fxg6 hxg6 24. Nf3 Rh8 25. e5 dxe5 26. Ne4 Qxd5 27. Qc2 Nc3 28.
Nxf6 Qd6 29. Nxe5 Rh6 30. Nfg4 Nbd5 31. Rf7+ Kh8 32. Nxh6 Re8 33. Nxg6+ Qxg6 34.
Rxe8+ 1-0